000 00599nam a2200169 i 4500
001 39188
003 ES-MaACL
007 t|
008 030227s1974 mx ||||1| spa d
245 0 4 _aLos cambios sociales
_b: fuentes, tipos y consecuencias /
_ccompilado y presentado por Amitai Etzioni y Eva Etizioni ; [traducción Florentino M. Torner].
260 _aMéxico :
_bFondo de Cultura Económica,
_c[1974]
300 _a453 p. ;
_c23 cm.
700 1 _aEtzioni, Amitai.
_948312
700 1 _aEtzioni, Eva.
_948313
700 1 _aTorner, Florentino M.
_9110662
852 _aES-MaACL
_jE-6041
_bR.90576
999 _c39188
_d39188